| 000 | 00466nam a22001817a 4500 | ||
|---|---|---|---|
| 003 | CEME | ||
| 005 | 20210628201825.0 | ||
| 008 | 210222b xxu||||| |||| 00| 0 eng d | ||
| 020 | _a1-85753-177-9 | ||
| 040 | _c. | ||
| 082 | _a623-BRA NOR | ||
| 100 |
_aNorris, John _956971 |
||
| 245 | _aAnti tank weapons, brassey's modern military equipment | ||
| 260 |
_aLONDON _bBRASSEY'S _c1996 |
||
| 300 | _a143P | ||
| 650 |
_aMILITARY EQUIPMENT _956972 |
||
| 942 |
_cBK _2ddc |
||
| 999 |
_c567295 _d567295 |
||